Biomasa od A do Z

Projekt spoločnosti ORTEP, s.r.o. s názvom Využitie obnoviteľných zdrojov energie pre kombinovanú výrobu elektriny a tepla. Využitie biomasy pre výrobu tepla a elektriny. Technické aspekty. Prevádzkové aspekty zdrojov na biomasu. Úspory primárnej energie. Faktory primárnej energie. Ekonomická efektí...

Ausführliche Beschreibung

Gespeichert in:
Bibliographische Detailangaben
1. Verfasser: Karafiát, Josef
Format: Buchkapitel
Sprache:Tschechisch
Schlagworte:
Tags: Tag hinzufügen
Keine Tags, Fügen Sie das erste Tag hinzu!

MARC

LEADER 00000naa a2200000 4500
001 0118495
005 20221107085244.0
041 0 |a cze 
044 |a CZ 
245 1 0 |a Biomasa od A do Z  |c Josef Karafiát 
520 |a Projekt spoločnosti ORTEP, s.r.o. s názvom Využitie obnoviteľných zdrojov energie pre kombinovanú výrobu elektriny a tepla. Využitie biomasy pre výrobu tepla a elektriny. Technické aspekty. Prevádzkové aspekty zdrojov na biomasu. Úspory primárnej energie. Faktory primárnej energie. Ekonomická efektívnosť spaľovania biomasy. Celkový efekt zdrojov na biomasu. Odporúčania pre budúcnosť. 
610 2 0 |a biomasa 
610 2 0 |a zdroje energie prírodné 
610 2 0 |a zdroje energie obnoviteľné 
610 2 0 |a energetika 
610 2 0 |a teplo 
610 2 0 |a elektrina 
610 2 0 |a projekty 
100 1 |a Karafiát, Josef